Bratislava

Bibliographic Details
Format: Photo
Language:Slovak
PhysicalDescription:1 pohľadnica čiernobiela 9x14 cm
Published: [Bratislava] Tatran [medzi 1945 a 1949?]
Subjects:

MARC

LEADER 00000nkmaa2200000 a 4500
001 vtls010629417
003 SK-MaSNL
005 20260425230207.0
007 kf bo
008 230802q1945 xo ||00 k|slo
035 |a CBD6D531-2661-4481-9E8B-CC1662D75B37 
035 |a urn:nbn:sk:snk-kmxw6e 
035 |a urn:nbn:sk:snk-km001lqp 
040 |a SNKLA  |b slo  |c SNKLA  |e AACR2 
041 0 |a slo 
044 |a xo  |c SK 
245 0 0 |a Bratislava  |h [grafika] 
260 |a [Bratislava]  |b Tatran  |c [medzi 1945 a 1949?] 
300 |a 1 pohľadnica  |b čiernobiela  |c 9x14 cm 
610 2 7 |a Bratislavský hrad  |2 SNKKA  |9 63101 
651 7 |a Bratislava (Slovensko)  |2 SNKPH  |9 14568 
651 7 |a Slovensko  |2 SNKPH  |9 14231 
655 7 |a geografické pohľadnice  |2 SNKPH  |9 70522 
852 |a Slovenská národná knižnica  |b Literárny archív 
958 |a BLA 
999 |c 669113  |d 671043 
952 |a SNKLA  |b SNKLA  |c SNKLA_DEP  |y NEVYP  |7 0  |p 17A1006171  |o snkPB 100/73  |i snkLA 2601/1958  |0 0  |1 0  |4 0  |d 2014-10-21  |f 1  |l 0  |r 2026-02-23 19:21:26  |w 2026-02-23